Normal view
MARC view
- World War, 1939-1945
Entry Topical Term
001 - CONTROL NUMBER
- control field: 39621
003 - CONTROL NUMBER IDENTIFIER
- control field: NUST
005 - DATE AND TIME OF LATEST TRANSACTION
- control field: 20210314131508.0
008 - FIXED-LENGTH DATA ELEMENTS
- fixed length control field: 210314|| aca||aabn | a|a d
040 ## - CATALOGING SOURCE
- Original cataloging agency: NUST
- Transcribing agency: NUST
150 ## - HEADING--TOPICAL TERM
- Topical term or geographic name entry element: World War, 1939-1945
- General subdivision: Campaigns
- Geographic subdivision: Soviet Union
670 ## - SOURCE DATA FOUND
- Source citation: Work cat.: (NUST): Deppt of Asmy 39619, Small unit actions during the German campaign in Russia;, 1953.
